| 000 | 01015nam a22002417a 4500 | ||
|---|---|---|---|
| 005 | 20170731102824.0 | ||
| 010 | _a1617EN ENG-117436 | ||
| 020 |
_a9789382616719 _c599.00 |
||
| 035 | _aB-648844-851 | ||
| 035 | _aEN-100968 | ||
| 035 | _aB-667281 | ||
| 037 |
_adpl _bAakar |
||
| 037 | _bDBAD/PUB | ||
| 082 | _a659.10954 | ||
| 100 | _aParameswaran, Ambi | ||
| 245 |
_aNawabs, nudes,noodles : _bIndia through 50 years of advertising / _cby Ambi Parameswaran |
||
| 260 |
_aNew Delhi _bPan Macmillan _c2016 |
||
| 270 |
_a707 Kailash Building ,26, K.G.Marg _bNew Delhi _e110001 |
||
| 300 |
_axv,301p. _c22cm(hb} _bcolour photos |
||
| 942 |
_2ddc _cEN _h659.10954 _mPAR |
||
| 999 |
_c102176 _d102176 |
||